000 01004nam0a22002891 4500
001 v19\rc\1617095
005 20250619051817.0
035 _a(NLR Aleph) 004837763
090 _a4789377
_c4789377
100 _a20061002e18981898|||y0rusy50 ca
101 0 _arus
102 _aRU
105 _ay z |||a|
200 1 _aЛожь
_eКомедия в 4 д.
_fЕ.А. Зеланд-Дуббельт
210 _aРевель
_cтип. "Ревел. изв."
_d1898
215 _a155 с.
_d16
300 _aНа обл. дата: 1899
311 _aОтт. из "Ревел. изв."
488 0 _12001#$aРевельские известия
_tРевельские известия
700 1 _aЗеланд-Дубельт
_bЕ. А.
_f1860-ок.1937
_gЕлена Александровна
_9160349
_3RU\NLR\AUTH\770160391
801 0 _aRU
_bNLR
_gpsbo
801 0 _aRU
_bRuMoRGB
_2psbo
801 1 _aRU
_bProSoft-M
_2rusmarc
801 2 _aRU
_bNLR
_c20160715
_2rusmarc
852 _aNLR
_j118/39
942 _cBOOK
980 _aNB